000 00395nam a2200157Ia 4500
008 230917s9999||||xx |||||||||||||| ||und||
040 _e46396
_aMAIN
041 _aEnglish
082 _a820.6 W416S
100 _aWedgwood, C V
245 0 _aSeventeeth- century english literature
250 _a2nd ed.
260 _aLondon
_bOxford University Press
_c1970
300 _a148 p.
942 _cBK
999 _c199552
_d199552